000 00269nam a2200097Ia 4500
008 230907s9999||||xx |||||||||||||| ||und||
082 _a372.358044
_bFLE
245 0 _aDesign and technology for children /
260 _aPearson Education ,
_bAustralia :
_c2011
942 _cBK
999 _c599014
_d599014